Equivocaciones : (Record no. 20846)
[ view plain ]
| 000 -CABECERA | |
|---|---|
| fixed length control field | 00929nam a22002177a 4500 |
| 003 - IDENTIFICADOR DEL NÚMERO DE CONTROL | |
| control field | AR-CdUCM |
| 008 - DATOS DE LONGITUD FIJA--INFORMACIÓN GENERAL | |
| fixed length control field | 190513b ||||| |||| 00| 0 spa d |
| 040 ## - FUENTE DE LA CATALOGACIÓN | |
| Agencia/entidad que catalogó originalmente la obra | MUNICIPALIDAD PROVINCIAL DEL CUSCO |
| Entidad que transcribió la catalogación | BIBLIOTECA MUNICIPAL DEL CUSCO |
| 082 ## - NÚMERO DE LA CLASIFICACIÓN DECIMAL DEWEY | |
| No. de la edición | 2ed. |
| No. de Clasificación | 869.5009 / |
| Notacion interna | B26 |
| 100 ## - ENTRADA PRINCIPAL--NOMBRE DE PERSONA | |
| Nombre Personal | Basadre, Jorge |
| 245 ## - MENCIÓN DE TÍTULO | |
| Título | Equivocaciones : |
| Resto del título | ensayos sobre literatura penúltima / |
| 260 ## - PUBLICACIÓN, DISTRIBUCIÓN, ETC. | |
| Lugar de publicación, distribución, etc. | Lima : |
| Nombre de la editorial, distribuidor, etc. | Ediciones Studium, |
| Fecha de publicación, distribución, etc. | 1988. |
| 300 ## - DESCRIPCIÓN FÍSICA | |
| Nº de Páginas Extensión | 86 páginas ; |
| Otros detalles físicos | ilustraciones, |
| Dimensiones | 21 cm. |
| 505 ## - NOTA DE CONTENIDO CON FORMATO | |
| Nota de contenido formateada | Contenido: Elogio y elegía de José María Eguren -- Escolio a José García Calderón -- Viaje con escalas por la obra de Valdelomar -- Anverso y reverso del cinema -- Triunfadores y fracasados -- Advenimiento de la emoción social. |
| 650 ## - PUNTO DE ACCESO ADICIONAL DE MATERIA--TÉRMINO DE MATERIA | |
| Descriptor | Literatura peruana |
| 9 (RLIN) | 169 |
| 650 ## - PUNTO DE ACCESO ADICIONAL DE MATERIA--TÉRMINO DE MATERIA | |
| Descriptor | Historia y crítica |
| 9 (RLIN) | 5993 |
| 650 ## - PUNTO DE ACCESO ADICIONAL DE MATERIA--TÉRMINO DE MATERIA | |
| Descriptor | Biografía |
| 9 (RLIN) | 22 |
| 710 ## - PUNTO DE ACCESO ADICIONAL--NOMBRE DE ENTIDAD CORPORATIVA | |
| Nombre corporativo (En letras Mayúsculas) | Editorial Rocarme. |
| 9 (RLIN) | 38700 |
| 942 ## - ELEMENTOS DE PUNTO DE ACCESO ADICIONAL (KOHA) | |
| Fuente de clasificación | |
| Tipo de item | Libros-BMC |
| 945 ## - PROCESAMIENTO DE INFORMACIÓN LOCAL (OCLC) | |
| Catalogador | achl |
| AAAA-MM-DD - Fecha de ingreso o modificacion | 2019-05-13 |
No items available.